000 00530nam a2200181Ia 4500
008 140925s9999 xx 000 0 und d
020 _a1927-5986
245 _aAccounting and Finance Research /
_h[electronic resource]
260 _bSciedu Press,
_cc2013.
516 _aElectronic text
650 _aAccounting.
650 _aFinancial Management.
650 _aResearch.
830 _aSciedu Press
856 _uhttp://www.sciedu.ca/journal/index.php/afr/issue/view/182
942 _cEJ
999 _c275656
_d275656